Statistics for Match the Dictator to their Country!

Click here to take the quiz!

General Stats

  • This quiz has been taken 35 times
  • The average score is 12 of 15

Answer Stats

HintAnswer% Correct
Mao ZedongChina
100%
Adolf HitlerGermany
100%
Saddam HusseinIraq
93%
Joseph StalinUSSR
93%
Fidel CastroCuba
90%
Kim Il SungNorth Korea
87%
Augusto PinochetChile
80%
Bashar al AssadSyria
80%
Muammar GadaffiLibya
77%
Pol PotCambodia
73%
Robert MugabeZimbabwe
67%
Leopold IIBelgium
63%
Idi AminUganda
57%
Omar al BashirSudan
50%
Manuel NoriegaPanama
47%

Score Distribution

Percentile by Number Answered

Percent of People with Each Score

Your Score History

You have not taken this quiz